Poetas franceses / (Registro nro. 4521)
[ vista simple ]
| 000 -LEADER | |
|---|---|
| fixed length control field | 00990nam a2200229Ia 4500 |
| 003 - CONTROL NUMBER IDENTIFIER | |
| control field | OSt |
| 005 - DATE AND TIME OF LATEST TRANSACTION | |
| control field | 20250703114533.0 |
| 008 - FIXED-LENGTH DATA ELEMENTS--GENERAL INFORMATION | |
| fixed length control field | 191128s2017 ck a gr 000 0 spa d |
| 040 ## - CATALOGING SOURCE | |
| Original cataloging agency | CO-JMCR |
| Transcribing agency | CO-JMCR |
| 041 ## - LANGUAGE CODE | |
| Language code of text/sound track or separate title | spa |
| 082 ## - DEWEY DECIMAL CLASSIFICATION NUMBER | |
| Classification number | A-P |
| Item number | POEp4 |
| 245 00 - TITLE STATEMENT | |
| Title | Poetas franceses / |
| Statement of responsibility, etc. | Alfonso Carvajal, compilador |
| 250 ## - EDITION STATEMENT | |
| Edition statement | Primera edición |
| 260 ## - PUBLICATION, DISTRIBUTION, ETC. | |
| Place of publication, distribution, etc. | Bogotá : |
| Name of publisher, distributor, etc. | Universidad Externado de Colombia, |
| Date of publication, distribution, etc. | 2017 |
| 300 ## - PHYSICAL DESCRIPTION | |
| Extent | 119 páginas : |
| Other physical details | ilustraciones a blanco y negro ; |
| Dimensions | 21 cm. |
| 490 0# - SERIES STATEMENT | |
| Series statement | Cuadernos culturales |
| Volume/sequential designation | No. 10 |
| 500 ## - GENERAL NOTE | |
| General note | Incluye datos biográficos de los autores al final del texto |
| 520 3# - SUMMARY, ETC. | |
| Summary, etc. | Reune en sus páginas un abanico de escritores franceses, comenzando por el célebre y desconocido Francois Villon, "patriarca de los poetas malditos de todos los tiempos, caudillo de la revuelta estudiantil en la Universidad de París, en el último siglo de |
| 650 14 - SUBJECT ADDED ENTRY--TOPICAL TERM | |
| Topical term or geographic name entry element | Poesía francesa |
| 9 (RLIN) | 7738 |
| 700 ## - ADDED ENTRY--PERSONAL NAME | |
| Personal name | Carvajal, Alfonso, |
| Relator term | compilador |
| 9 (RLIN) | 9469 |
| 942 ## - ADDED ENTRY ELEMENTS (KOHA) | |
| Source of classification or shelving scheme | Dewey Decimal Classification |
| Koha item type | Books |
| Withdrawn status | Lost status | Source of classification or shelving scheme | Damaged status | Not for loan | Home library | Current library | Date acquired | Total Checkouts | Total Renewals | Full call number | Barcode | Date last seen | Date last checked out | Copy number | Koha item type |
|---|---|---|---|---|---|---|---|---|---|---|---|---|---|---|---|
| Dewey Decimal Classification | Biblioteca Pública José María del Castillo y Rada | Biblioteca Pública José María del Castillo y Rada | 11/28/2019 | 3 | 4 | A-P POEp4 | 201809386 | 05/15/2024 | 04/16/2024 | Ej.1 | Books |